| 000 | 00339nam a22001217a 4500 | ||
|---|---|---|---|
| 082 | _a669.092 SOU'A | ||
| 100 |
_aAMERICAN SOCIETY _942369 |
||
| 245 | _aSOURCE BOOK ON HEAT TREATING PRODUCTION AND ENGINEERING PRACTICES | ||
| 260 |
_aUSA _bASM _c1975 |
||
| 300 | _aVOL-2 | ||
| 650 |
_aMETALS HEAT TREATMENT BIBLIOGRAPHY _976726 |
||
| 942 | _cBK | ||
| 999 |
_c582067 _d582067 |
||